Industry
שמור ב:
| פורמט: | ספר |
|---|---|
| שפה: | Undetermined |
| יצא לאור: |
Moskva
APN
1968
|
| נושאים: | |
| תגים: |
הוספת תג
אין תגיות, היה/י הראשונ/ה לתייג את הרשומה!
|
| Thư viện lưu trữ: | Trung tâm Học liệu Trường Đại học Cần Thơ |
|---|
| LEADER | 00370nam a2200157Ia 4500 | ||
|---|---|---|---|
| 001 | CTU_84842 | ||
| 008 | 210402s9999 xx 000 0 und d | ||
| 082 | |a 338 | ||
| 082 | |b I.38 | ||
| 245 | 0 | |a Industry | |
| 260 | |a Moskva | ||
| 260 | |b APN | ||
| 260 | |c 1968 | ||
| 650 | |a industries | ||
| 650 | |z Soviet Union | ||
| 980 | |a Trung tâm Học liệu Trường Đại học Cần Thơ | ||